| 000 | 00712nam a22002297a 4500 | ||
|---|---|---|---|
| 003 | UA-OsUOA | ||
| 001 | 51342 | ||
| 007 | ta | ||
| 008 | 20140902b un ||||| |||| 00| 0 ukr d | ||
| 090 |
_a011 _bФ42 |
||
| 942 | _cBK | ||
| 040 |
_aUA-OsUOA _bukr _cUA-OsUOA _dUA-OsUOA |
||
| 245 |
_aФеодосій Іванович Стеблій _bБібліографічний покажчик |
||
| 300 | _a93 с. | ||
| 955 | _a1 | ||
| 041 | _aukr | ||
| 080 | _a011 | ||
| 260 |
_aЛьвів _c1995 |
||
| 650 | 7 |
_a01 Бібліографія і бібліографії. Каталоги _2UDC |
|
| 999 |
_c431469 _d431469 |
||